| 000 | 00000nam##2200000za#4500 |
| 001 | 9.575820 |
| 003 | CaOODSP |
| 005 | 20210624184838 |
| 007 | cr ||||||||||| |
| 008 | 150406|2007||||xxc|||||o f|0| 0 eng|d |
| 040 | |aCaOODSP|beng |
| 043 | |an-cn--- |
| 086 | 1 |aTU3-6/07-42E-PDF |
| 110 | 2 |aTransportation Safety Board of Canada. |
| 245 | 10|aNon-main-track train collision - Canadian National Hump Assignment Mile 145.20, Sprague Subdivision Symington Yard, Winnipeg, Manitoba, 13 February 2007 |h[electronic resource] |
| 260 | |aOttawa - Ontario : |bTransportation Safety Board of Canada |c[2007]. |
| 300 | |a14p.|bcoloured illus., figs. |
| 490 | 1 |aRailway investigation report |vR07W0042 |
| 590 | |a13-08-Supp|b2013-04-02 |
| 775 | 08|tCollision de trains sur une voie autre que la voie principale Canadien National, Manoeuvre de triage à butte, Point milliaire 145,20 de la subdivision Sprague, Triage Symington, Winnipeg (Manitoba), le 13 février 2007 |w(CaOODSP)9.605234 |
| 830 | #0|aRailway investigation report ;|vR07W0042|w(CaOODSP)9.504849 |
| 856 | 40|ahttp://publications.gc.ca|qPDF|s928 KB|uhttps://publications.gc.ca/collections/collection_2013/bst-tsb/TU3-6-07-42-eng.pdf|yR07W0042 |